000
00279nam a22001217a 4500
082
_a
621.384 MAR'E
100
_a
MARCUS, WILLIAM,MARCUS, ABRAHAM
_9
56540
245
_a
ELEMENTS OF RADIO
250
_a
4th
260
_a
LONDON
_b
GEORGE ALLAN
_c
1959
300
_a
667P
942
_c
BK
999
_c
566931
_d
566931